Microeconoma̕ Fundamentos ter̤icos, matemt̀icos y aplicaciones /

Bibliographic Details
Main Author: Rendn̤ Vľez, Jorge Alberto
Format: eBook
Language:Spanish
Published: Bogot:̀ Ediciones de la U, 2022
Subjects:
Online Access:Acceso restringido

MARC

LEADER 00000nam a22000007a 4500
005 20220920235948.0
007 cr|||| ||||
008 220921s2022 co |||||s|||| 00||0 spa d
020 |a 978-958-792-325-4 
035 |a 37244 
040 |a vLex 
090 |c 13998  |d 13998 
100 1 |a Rendn̤ Vľez, Jorge Alberto 
245 1 0 |a Microeconoma̕  |h [Recurso electrn̤ico] :  |b Fundamentos ter̤icos, matemt̀icos y aplicaciones /  |c Jorge Alberto Rendn̤ Vľez 
256 |a Servicio en ln̕ea 
260 |a Bogot:̀  |b Ediciones de la U,  |c 2022 
300 |a 1 recurso electrn̤ico 
506 1 |a Disponible solo en los productos indicados  |d vLex Global  |d vLex Global (Academic Edition, excluding Law Schools)  |d vLex Global (U.S. Academic Edition, Law Schools)  |d vLex Global (U.S. Academic Edition, excluding Law Schools)  |d vLex Global (Academic Edition, Law Schools) 
650 0 4 |a Economa̕ y negocios  |z Colombia 
740 0 |a vLex Libros (Servicio en ln̕ea) 
856 4 0 |u https://app.vlex.com/#/sources/37244  |z Acceso restringido 
942 |c BOOK 
999 0 |a Economy and business